|
|
|
|
| LEADER |
01251nam a2200361 a 4500 |
| 001 |
30102 |
| 003 |
BD-DhAAL |
| 005 |
20151102111013.0 |
| 008 |
151101s2004 maua b 001 0 eng d |
| 010 |
|
|
|a \\2002044496
|
| 020 |
|
|
|a 0072826061
|
| 020 |
|
|
|a 007255410X
|
| 040 |
|
|
|a DLC
|c DLC
|d DLC
|d BD-DhAAL
|
| 082 |
0 |
0 |
|a 339
|2 21
|
| 999 |
|
|
|c 35995
|d 35995
|
| 999 |
|
|
|c 35995
|
| 999 |
|
|
|c 0
|
| 999 |
|
|
|c 4516
|
| 100 |
1 |
|
|a Frank, Robert H.
|9 15903
|
| 245 |
1 |
0 |
|a Study guide for use with principles of macroeconomics /
|c Robert H. Frank, Ben S. Bernanke, prepared by Jack Mogab and Bruce McClung
|
| 246 |
1 |
8 |
|a Principles of macroeconomics
|
| 250 |
|
|
|a 2nd ed.
|
| 260 |
|
|
|a Boston :
|b McGraw-Hill/Irwin,
|c c2004.
|
| 300 |
|
|
|a 294 p. :
|b ill. ;
|c 28 cm.
|
| 504 |
|
|
|a Includes bibliographical references and index.
|
| 541 |
1 |
|
|e 00010377
|
| 650 |
|
0 |
|a Macroeconomics.
|9 15904
|
| 700 |
1 |
|
|a Bernanke, Ben.
|9 12329
|
| 700 |
1 |
|
|a Mogab, Jack
|9 15905
|
| 700 |
1 |
|
|a McClung, Bruce
|9 15906
|
| 852 |
4 |
|
|a Ayesha Abed Library
|j General shelf
|
| 942 |
|
|
|2 ddc
|c BK
|
| 952 |
|
|
|0 0
|1 0
|2 ddc
|4 0
|6 339_000000000000000_FRA
|7 0
|9 56555
|a BRACUL
|b BRACUL
|c GEN
|d 2015-11-01
|e BIL
|l 0
|o 339 FRA
|p 3010030102
|r 2015-11-01
|t 1
|w 2015-11-01
|y BK
|x Transferred from BIL to BRACUL on 06/06/22
|